LEADER 00970nam0 2200241 i 450 001 SUN0077219 005 20080526120000.0 100 $a20080526d1726 |0latc50 ba 101 $alat 102 $aFR 140 $a||||||||| ||||||||| 200 1 $aHermanni Boerhaave ... Tractatus de viribus medicamentorum 205 $aEditio secunda, priori auctior & emendatior 210 $aParisiis$capud Guillelmum Cavelier filium, via Jacobaea, prope fontem Sancti Severini, sub signo Lilii Aurei$d1726 215 $a[12], 352, [12] p.$cill.$d12º. - Segn.: a6 A-O12 P8 Q6. - Biblioteca Lauria. 517 1$3SUN0080702$aTractatus de viribus medicamentorum. 620 $dParis$3SUNL000046 700 1$aBoerhaave$b, Herman$3SUNV051513$0724270 702 1$aCavelier$b, Guillaume$f1683-1727$3SUNV051514 801 $aIT$bSOL$c20170928$gRICA 912 $aSUN0077219 996 $aHermanni Boerhaave ... Tractatus de viribus medicamentorum$91420511 997 $aUNICAMPANIA